The day i stopped drinking milk: (Record no. 167244)

MARC details
000 -LEADER
fixed length control field 00789nam a22002177a 4500
005 - DATE AND TIME OF LATEST TRANSACTION
control field 20190917105856.0
010 ## - LCCN (DPL NO)
LC control number B-706486
020 ## - INTERNATIONAL STANDARD BOOK NUMBER
International Standard Book Number 9780143418658
Terms of availability 250.00
035 ## - SYSTEM CONTROL NUMBER
System control number B-706486
035 ## - SYSTEM CONTROL NUMBER
System control number B-730007
037 ## - SOURCE OF ACQUISITION
Source of stock number/acquisition DBAD/PUB
Stock number dpl
082 ## - DEWEY DECIMAL CLASSIFICATION NUMBER
Classification number 920.054
100 ## - MAIN ENTRY--PERSONAL NAME
Personal name Murty, Sudha
245 ## - TITLE STATEMENT
Title The day i stopped drinking milk:
Remainder of title life stories from here and there /
Statement of responsibility, etc by Sudha Murty
260 ## - PUBLICATION, DISTRIBUTION, ETC. (IMPRINT)
Place of publication, distribution, etc New Delhi
Name of publisher, distributor, etc Penguin Books
Date of publication, distribution, etc 2012
270 ## - ADDRESS
Address 7th Floor, Infinity Tower C, DLF Cyber City
City Gurgaon (Haryana)
Postal code 122002
300 ## - PHYSICAL DESCRIPTION
Extent x, 212p.
Dimensions 20cm(pbk)
942 ## - ADDED ENTRY ELEMENTS (KOHA)
Source of classification or shelving scheme Dewey Decimal Classification
Item type Children Books
Call number suffix MUR
Classification part 920.054
Holdings
Withdrawn status Lost status Not for loan Collection code Home library Current library Date acquired Source of acquisition Cost, normal purchase price Full call number Barcode Copy number Cost, replacement price Koha item type
      Fiction Central Library Central Library 22/09/2018 Gift /Eng /14.09.2018 250.00 920.054 MUR B-706486 1 250.00 Children Books
      Fiction Sarojini Nagar Sarojini Nagar 17/09/2019 Gift /Eng /13.09.2019 250.00 920.054 MUR B-730007 1 250.00 Children Books

© Delhi Public Library
Hit Counter
free hit counter